00735cam a22002531 4500001001300000003000400013005001700017008004100034010001700075025001600092035002000108040002100128042001200149050001900161100003800180245008000218260001200298300002500310500001500335504004900350600004200399650002300441999001700464sa 68002526 DLC20260227112444.0950126s1964 ii c b 000 0 newo  asa 68002526  aPL480:I-N-9 a(OCoLC)31893675 aDLCcCUdCUdDLC apremarc00aPL3801.N55bH71 aHridaya, Chitta Dhar,d1906-1982.10aDharmāditya Dharmācārya va Nepāla bhāshā va thvayā sāhitya. c[1964?] a46 p.bport.c19 cm. aIn Newari. aBibliography of Newari literature: p. 39-46.00aDharmaditya Dharmacharya,d1906-1963. 0aNewari literature. c78796d78796